Normal view
MARC view
- Fluid Mechanics with engineering applications
Entry Topical Term
001 - CONTROL NUMBER
- control field: 125844
003 - CONTROL NUMBER IDENTIFIER
- control field: NUST
005 - DATE AND TIME OF LATEST TRANSACTION
- control field: 20240912144903.0
008 - FIXED-LENGTH DATA ELEMENTS
- fixed length control field: 240912|| aca||aabn | a|a d
040 ## - CATALOGING SOURCE
- Original cataloging agency: NUST
- Transcribing agency: NUST
150 ## - HEADING--TOPICAL TERM
- Topical term or geographic name entry element: Fluid Mechanics with engineering applications
670 ## - SOURCE DATA FOUND
- Source citation: Work cat.: (NUST): E. John Finnemore 125843, Fluid Mechanics with engineering applications , 2002.
